000 00230nam a2200121Ia 4500
100 _a#N/A
650 _aComputer
942 _cBK
654 _a10
245 _a10 WORK FLOW MANAGEMENT TOOLS
260 _b#N/A
546 _aENGLISH
999 _c23141
_d23141